| 000 | 00494nam a2200169Ia 4500 | ||
|---|---|---|---|
| 008 | 160319s9999 xx 000 0 und d | ||
| 245 | _a 16 best world's famous folk dances : | ||
| 245 | _bHiyas Folkloric Group & The Maharlika Rondalla, | ||
| 260 | _aManila : | ||
| 260 | _bAquarius Records. | ||
| 300 | _a1 VCD video (approximately 30 min.) : | ||
| 300 | _bdigital, sound, color ; | ||
| 300 | _c4 3/4 in. | ||
| 440 | _aDance steps. | ||
| 440 | _vvol. 6 | ||
| 650 | _aFolk dancing. | ||
| 999 |
_c292773 _d292773 |
||